000 00576nam a2200217Ia 4500
008 180523s9999 xx 000 0 und d
020 _a978-981-272-852-4
050 _aMAIN TX 911.3
050 _b.M27T47 2010
100 _aTesone, Dana.
245 0 _aPrinciples of management for the hospitality industry /
245 0 _cDana Tesone.
260 _aSingapore :
260 _bElsevier,
260 _c2010
300 _a405 pages :
300 _billustrations ;
300 _c23 cm.
500 _aIncludes index.
650 _aHospitality industry -- Management.
999 _c357778
_d357778